Historia Jeneral de la República de Chile desde su Independencia hasta nuestros días, por los señores Don J. V. Lastarria, Don M. A. Tocornal, Don D. J. Benavente, Don D. Barros Arana, Don M. Concha y Toro, Don F. Errázuriz, etc., etc. Edición autorizada por la Universidad de Chile, corregida y considerablemente aumentada por sus autores, publicada con notas ilustrativas y comentarios según documentos originales e inéditos por B. Vicuña Mackenna

I tiakina i:
Ngā taipitopito rārangi puna kōrero
Kaituhi matua: Vicuña Mackenna, Benjamín, 1831-1886 (Author)
Hōputu: Pukapuka
Reo:Pāniora
I whakaputaina: Santiago Imprenta Nacional, calle de la Moneda, Núm 46 1866
Putanga:1a. ed
Ngā marau:
Ngā Tūtohu: Tāpirihia he Tūtohu
Kāore He Tūtohu, Me noho koe te mea tuatahi ki te tūtohu i tēnei pūkete!

MARC

LEADER 00000nam a2200000 a 4500
001 UCJ5744
003 CL-VaPUC
005 20221004074542.0
008 070124e18660000CL |||||||||||||||||spa|d
999 |c 321853  |d 321851 
040 |c Pontificia Universidad Católica de Valparaíso 
082 0 4 |a 983  |b VIC  |2 21 
100 |a Vicuña Mackenna, Benjamín,  |d 1831-1886  |x Político e historiador   |z Chile   |e author  |9 374 
245 1 0 |a Historia Jeneral de la República de Chile desde su Independencia hasta nuestros días, por los señores Don J. V. Lastarria, Don M. A. Tocornal, Don D. J. Benavente, Don D. Barros Arana, Don M. Concha y Toro, Don F. Errázuriz, etc., etc. Edición autorizada por la Universidad de Chile, corregida y considerablemente aumentada por sus autores, publicada con notas ilustrativas y comentarios según documentos originales e inéditos por B. Vicuña Mackenna 
250 |a 1a. ed 
260 |a Santiago  |b Imprenta Nacional, calle de la Moneda, Núm 46  |c 1866 
300 |a 5 v 
500 |a En esta biblioteca se encuentran sólo los volúmenes 3, 4 y 5. Iconografía no indizada. Advierte errata 
583 |a last modification  |c 20070124 00:00:00  |k Rodrigo Vera 
600 0 7 |a SANFUENTES, SALVADOR  |2 CL-VaPUC  |9 315181 
600 0 |a Barros Arana, Diego  |9 316241 
600 0 7 |a CONCHA Y TORO, MELCHOR  |2 CL-VaPUC  |9 315194 
600 0 7 |a ERRAZURIZ, FEDERICO  |2 CL-VaPUC  |9 504708 
600 0 7 |a SANTA MARIA, DOMINGO VICTOR  |2 CL-VaPUC  |9 504235 
600 0 7 |a GARCIA REYES, ANTONIO  |2 CL-VaPUC  |9 315176 
600 0 7 |a TOCORNAL, MANUEL ANTONIO  |2 CL-VaPUC  |9 315188 
600 0 7 |a AMUNATEGUI, MIGUEL LUIS  |2 CL-VaPUC  |9 506140 
600 0 7 |a AMUNATEGUI, GREGORIO VICTOR  |2 CL-VaPUC  |9 342447 
600 0 |a Lastarria, José Victorino  |d 1817-1888  |9 860079 
650 0 |a Independencia   |9 344246 
650 7 |a BATALLAS  |2 CL-VaPUC  |9 376940 
650 7 |a GUERRA A MUERTE  |2 CL-VaPUC  |9 506727 
650 7 |a MONTONERAS  |2 CL-VaPUC  |9 504218 
650 0 |a Historia constitucional  |9 256052 
650 0 |a Presidentes de Chile  |9 268293 
650 7 |a INSTITUCIONES  |2 CL-VaPUC  |9 329701 
650 7 |a DOCUMENTOS HISTORICOS  |2 CL-VaPUC  |9 438868 
650 0 |a Historiografía   |9 257871 
650 0 |a Iconografía   |9 267998 
650 0 |a Grabados  |9 310822 
650 0 |a Historia de Chile  |9 265473 
852 |a BIBCUR 
942 |c BK  |2 ddc 
945 |d 20070124 00:00:00  |a rinostro 
952 |0 0  |1 0  |4 0  |6 983_000000000000000_VIC_1866  |7 0  |8 X  |9 400717  |a FDOBUD  |b FDOBUD  |d 2019-11-22  |h v.3  |i 103880K  |o 983 VIC 1866  |p 103880K  |r 2019-11-22  |w 2019-11-22  |y BK_X  |k BUD 
952 |0 0  |1 0  |4 0  |6 983_000000000000000_VIC_1866  |7 0  |8 X  |9 400718  |a FDOBUD  |b FDOBUD  |d 2019-11-22  |h v.4  |i 1038818  |o 983 VIC 1866  |p 1038818  |r 2019-11-22  |w 2019-11-22  |y BK_X  |k BUD 
952 |0 0  |1 0  |4 0  |6 983_000000000000000_VIC_1866  |7 0  |8 X  |9 400719  |a FDOBUD  |b FDOBUD  |d 2019-11-22  |h v.5  |i 1038826  |o 983 VIC 1866  |p 1038826  |r 2019-11-22  |w 2019-11-22  |y BK_X  |k BUD